000 01329cam a2200265 4500
001 ABS66302
008 030103n2002 000 0 eng u
035 _a(Sirsi) u120891
100 _aBrodtman, M.
245 _aValuations for secured lending - changes to the RICS Practice Statement
260 _c2002
490 _aPlant and Machinery Newsletter
_vOctober 2002, 3(1)
520 _aReports on amendment 15 the final amendment to the fourth edition of the "Red Book" before the fifth edition is published in early 2003. Changes made under amendment 15 will be carried through into the fifth edition. Four key issues in the changes are; clear guidance on conflict of interest, simplification of valuation bases (Estimated Realisation Price and Restricted Realisation Price have been abolished), greater emphasis on special assumptions between valuer and client, and specific guidance on the content of reports.
590 _aABS
650 _aRICS APPRAISAL AND VALUATION MANUAL
650 _aRED BOOK AMENDMENT 15
650 _aRED BOOK AMENDMENTS
650 _aVALUATION STANDARDS
650 _aCONFLICT OF INTEREST
650 _aESTIMATED REALISATION PRICE
650 _aRESTRICTED REALISATION PRICE
650 _aSPECIAL ASSUMPTIONS
690 _aPROPERTY-PROPERTY APPRAISAL AND VALUATION
942 _n0
999 _c71858
_d71858